MARC details
| 000 -LEADER |
| fixed length control field |
03084nam a2200253 i 4500 |
| 003 - CONTROL NUMBER IDENTIFIER |
| control field |
CSPC |
| 005 - DATE AND TIME OF LATEST TRANSACTION |
| control field |
20260423134823.0 |
| 008 - FIXED-LENGTH DATA ELEMENTS--GENERAL INFORMATION |
| fixed length control field |
260423s2024 deu b 001 0 eng d |
| 020 ## - INTERNATIONAL STANDARD BOOK NUMBER |
| International Standard Book Number |
9781666871173 |
| 040 ## - CATALOGING SOURCE |
| Original cataloging agency |
CSPC |
| Language of cataloging |
eng |
| Transcribing agency |
CSPC |
| Description conventions |
rda |
| 082 ## - DEWEY DECIMAL CLASSIFICATION NUMBER |
| Item number |
W561e |
| 100 1# - MAIN ENTRY--PERSONAL NAME |
| Personal name |
Wheeler, Derek, |
| Relator term |
author. |
| 245 10 - TITLE STATEMENT |
| Title |
Enterprise perspective and business managing strategies / |
| Statement of responsibility, etc. |
Derek Wheeler. |
| 264 #1 - PRODUCTION, PUBLICATION, DISTRIBUTION, MANUFACTURE, AND COPYRIGHT NOTICE |
| Place of production, publication, distribution, manufacture |
Wilmington, Delaware : |
| Name of producer, publisher, distributor, manufacturer |
American Academic Publisher, |
| Date of production, publication, distribution, manufacture, or copyright notice |
2024. |
| 300 ## - PHYSICAL DESCRIPTION |
| Extent |
xviii, 315 pages ; |
| Dimensions |
25 cm. |
| 336 ## - CONTENT TYPE |
| Source |
rdacontent |
| Content type term |
text |
| 337 ## - MEDIA TYPE |
| Source |
rdamedia |
| Media type term |
unmediated |
| 338 ## - CARRIER TYPE |
| Source |
rdacarrier |
| Carrier type term |
volume |
| 504 ## - BIBLIOGRAPHY, ETC. NOTE |
| Bibliography, etc. note |
Includes bibliographical references and index. |
| 505 2# - FORMATTED CONTENTS NOTE |
| Formatted contents note |
Introduction to strategies -- Business policies -- The nature and value of strategic management -- Strategic management and decision making -- Stakeholders in business -- Environmental analysis in business -- Tools for strategic analysis. |
| 520 ## - SUMMARY, ETC. |
| Summary, etc. |
Prospective company managers must be familiar with corporate policies and strategic management approaches. The current competitive environment has resulted in significant policy formulation and strategic management changes. As a result, a theoretical understanding of company policy and strategic management is required. In order to prosper, businesses must develop effective plans. These strategies are part of an overarching management and business policy that directs how the company connects with Customers, generates revenues, and manages resources. Strategic management and business policy are related concepts that can help small business owners manage their duties and create clear goals. Strategic management is a theoretical idea popularized by Peter Drucker in the mid-twentieth century. Strategic management is based on the premise that businesses will be better equipped to fulfill their goals and objectives if the owners and managers adhere to a clear business philosophy. Many businesses' mentality will be to grow their market share. Others may be motivated to make a difference in their community or create new items. A combination of motives sometimes drives management's strategy. In any event, strategic management assists businesses in staying focused on what matters most and not becoming distracted by peripheral worries. Strategic management is the art and science of developing, implementing and assessing cross-functional decisions to help a company achieve its goals. It is the process of defining an organization's objectives, adopting policies and plans to attain them, and allocating resources to implement those policies and plans. Strategic management then integrates the actions of a company's numerous functional departments to achieve organizational goals. This book is intended to supplement and improve both learning and teaching. The utilization of displays, which give a wide range of material on specialized theoretical topics, is an integral part of the book's style. |
| 942 ## - ADDED ENTRY ELEMENTS (KOHA) |
| Source of classification or shelving scheme |
Dewey Decimal Classification |
| Suppress in OPAC |
No |
| Koha item type |
Books |
| Call number prefix |
CIR |
| Call number suffix |
2024 |